000 00627nam a2200229Ia 4500
003 OSt
005 20221005120921.0
006 a|||||r|||| 00| 0
007 ta
008 221004b |||||||| |||| 00| 0 eng d
024 _a42173
037 _cTextual
040 _aCRL
_cCRL
_beng
041 _2eng
_aeng
082 _aO121:1H04:9, E3
100 _aCosenza Mario Emillio
_9629806
245 0 _aFrancesco petrarca
_b And the revolution of cole di rienzo
260 _c1913
650 _aENGLISH LITERATURE
942 _hO121:1H04:9, E3
_cTEXL
_2cc
999 _c1039531
_d1039531